Rückblick 2023 - Länder zuordnen (Afrika) - Statistiken

Allgemein
  • Dieses Quiz wurde 40 mal gespielt
  • Das Durchschnittsergebnis liegt bei 4 aus 15
Antwortstatistiken
Hint Antwort % Korrekt
Nach einem Putschversuch beginnen Kämpfe, in deren Folge mehr als 6 Mio. Menschen fliehen müssen. Sudan
55%
Eine Militärjunta stürzt den Präsidenten und fordert den Abzug der französischen Truppen. Niger
45%
Amharische Spezialeinheiten ziehen sich aus der Tigray-Region zurück. Äthiopien
42%
Bei den Leichtathletik-Weltmeisterschaften wird dieses Land mit 3 Gold- und 3 Silbermedaillen 5. Platz und das erfolgreichste afrikanische Land. Kenia
36%
Bei einem Dammbruch sterben mehr als 10.000 Menschen. Libyen
27%
Bei einem Brand in einem Wohngebäude sterben 77 Menschen, darunter 7 Kinder. Südafrika
27%
Präsident Félix Tshisekedi gewinnt mit einer Mehrheit von 72% erneut die Präsidentschaftswahl. Demokratische Republik Kongo
24%
Bei einem Erdbeben der Stärke von 6,8 sterben mehr als 2000 Menschen, es ist das stärkste Beben in der Region seit über 100 Jahren. Marokko
24%
Nach zwei erfolgreichen Putschen im Vorjahr findet knapp ein Jahr nach dem letzten Putsch ein weiterer Putschversuch statt, diesmal ohne Erfolg. Burkina Faso
18%
Nach der Parlamentswahl ereignet sich ein Militärputsch, der achte erfolgreiche in Afrika seit 2020. Gabun
18%
Im Abstand von knapp vier Monaten ereignen sich zwei Putschversuche, die beide scheitern. Sierra Leone
15%
Bei der U-17-Fußball-WM wird dieses Land mit einem 0:3 Sieg gegen Argentinien 3. Platz. Mali
12%
Durch Überschwemmungen und Erdrutsche sterben mind. 135 Menschen und über 100 weitere werden verletzt. Ruanda
12%
In der Haupstadt brechen Kämpfe zwischen Regierungskräften und der Nationalgarde aus, später bezeichnet der Präsident diese Kämpfe als versuchten Putsch. Guinea-Bissau
9%
Trotz Korruptionsvorwürfen wird Bola Tinubu Präsident. Nigeria
9%
Keine übereinstimmenden Quizze gefunden
Verteilung der Resultate
Anzahl Personen mit jedem Resultat
Perzentil nach korrekt beantworteten Fragen
Ihre Resultats-Entwicklung
Sie haben dieses Quiz noch nicht gespielt